[Event "SLO-ch U12 Girls"]
[Site "Postojna"]
[Date "2008.03.01"]
[Round "9"]
[White "Kurincic, Nina"]
[Black "Zunic, Magdalena"]
[Result "1-0"]
[WhiteElo "1500"]
[BlackElo "1500"]
[PlyCount "147"]
[EventDate "2008.02.24"]
[EventType "swiss"]
[EventRounds "9"]
[EventCountry "SLO"]
[SourceTitle "EXT 2010"]
[Source "ChessBase"]
[SourceDate "2010.11.25"]
[SourceVersion "1"]
[SourceVersionDate "2010.11.25"]
[SourceQuality "1"]

1. e4 e5 2. Nf3 Nc6 3. Bc4 Bc5 4. Nc3 Nf6 5. d3 Nd4 6. Nxd4 Bxd4 7. Ne2 Bc5 8. Bg5 h6 9. Bh4 d6 10. h3 Be6 11. Bb3 Qd7 12. Ng3 0-0-0 13. Ne2 Bxb3 14. axb3 g5 15. Bg3 Rhe8 16. 0-0 d5 17. exd5 Nxd5 18. Kh1 h5 19. Qd2 h4 20. Bh2 f6 21. Bg1 Kb8 22. f3 Bb6 23. Bxb6 Nxb6 24. Qa5 a6 25. Rfd1 Qe6 26. b4 Qd5 27. Qa3 c6 28. c4 Qe6 29. Qa5 Nd7 30. Nc3 Ka7 31. b5 cxb5 32. cxb5 Nc5 33. bxa6 Nxa6 34. Na4 b6 35. Qb5 Rd5 36. Qb3 f5 37. Qa3 g4 38. Nc3 Rc5 39. Qxa6+ Kb8 40. Qa7+ Kc8 41. Ra6 Kd8 42. Rxb6 Rc6 43. Rxc6 Qxc6 44. d4 Re7 45. dxe5+ Ke8 46. Qa4 Qxa4 47. Nxa4 Rxe5 48. fxg4 fxg4 49. hxg4 Rg5 50. Rd4 Kf7 51. Nc3 Kf6 52. b4 Ke5 53. Rc4 Kd6 54. Kh2 Ke5 55. Kh3 Kf6 56. b5 Kg6 57. b6 Kf6 58. b7 Rg8 59. Rb4 Rb8 60. Kxh4 Ke7 61. g5 Kd6 62. Ne4+ Kc6 63. Nf6 Kc5 64. Rb1 Kc4 65. g6 Kc5 66. g7 Kd6 67. g8Q Rxg8 68. Nxg8 Kd5 69. b8Q Kc4 70. Rd1 Kc3 71. Qc8+ Kb2 72. Rd7 Kb3 73. Rb7+ Ka4 74. Qa8# 1-0

[Event "SLO-ch U12 Girls"]
[Site "Postojna"]
[Date "2008.02.29"]
[Round "8"]
[White "Kurincic, Nina"]
[Black "Veliscek, Iza"]
[Result "1/2-1/2"]
[WhiteElo "1500"]
[BlackElo "1500"]
[PlyCount "26"]
[EventDate "2008.02.24"]
[EventType "swiss"]
[EventRounds "9"]
[EventCountry "SLO"]
[SourceTitle "EXT 2010"]
[Source "ChessBase"]
[SourceDate "2010.11.25"]
[SourceVersion "1"]
[SourceVersionDate "2010.11.25"]
[SourceQuality "1"]

1. e4 e5 2. Nf3 Nc6 3. Bc4 Be7 4. Nc3 Nf6 5. d3 h6 6. h3 d6 7. 0-0 0-0 8. Nh2 Nd4 9. Ne2 Be6 10. c3 Nxe2+ 11. Qxe2 d5 12. Bb3 Nh7 13. Kh1 f5 1/2-1/2

[Event "SLO-ch U12 Girls"]
[Site "Postojna"]
[Date "2008.02.25"]
[Round "2"]
[White "Kurincic, Nina"]
[Black "Skvorc, Tjasa"]
[Result "0-1"]
[WhiteElo "1500"]
[BlackElo "1500"]
[PlyCount "124"]
[EventDate "2008.02.24"]
[EventType "swiss"]
[EventRounds "9"]
[EventCountry "SLO"]
[SourceTitle "EXT 2010"]
[Source "ChessBase"]
[SourceDate "2010.11.25"]
[SourceVersion "1"]
[SourceVersionDate "2010.11.25"]
[SourceQuality "1"]

1. e4 e5 2. Nf3 Nc6 3. Bc4 Bc5 4. b4 Be7 5. c3 d6 6. d4 Bg4 7. h3 Bxf3 8. Qxf3 Nf6 9. 0-0 exd4 10. b5 Ne5 11. Qe2 0-0 12. cxd4 Nxc4 13. Qxc4 d5 14. exd5 Nxd5 15. Re1 Bb4 16. Nd2 Bc3 17. Rb1 a6 18. Re5 Re8 19. Qxd5 Qxd5 20. Rxd5 Re1+ 21. Kh2 Bxd2 22. Rc5 b6 23. Rc2 Bf4+ 24. g3 Bxc1 25. Rbxc1 Rxc1 26. Rxc1 axb5 27. Rxc7 h6 28. Rb7 Rxa2 29. Rxb6 Rxf2+ 30. Kg1 Rb2 31. d5 b4 32. d6 Rd2 33. Rxb4 Rxd6 34. Kg2 Kh7 35. Kf3 Rd3+ 36. Kg2 g5 37. Re4 Kg6 38. Kh2 Rd2+ 39. Kg1 Kh5 40. g4+ Kh4 41. Re3 Rd1+ 42. Kg2 h5 43. gxh5 Kxh5 44. Rf3 Rd7 45. Rf5 Kg6 46. Re5 f6 47. Re6 Kf5 48. Re2 g4 49. hxg4+ Kxg4 50. Re4+ Kf5 51. Re2 Kg5 52. Kg3 f5 53. Rf2 Rf7 54. Kg2 f4 55. Rf3 Kg4 56. Rf2 f3+ 57. Kh2 Rh7+ 58. Kg1 Kg3 59. Rf1 Rf7 60. Kh1 f2 61. Rd1 f1Q+ 62. Rxf1 Rxf1# 0-1